Banner

Evaluación operacional y financiera aplicada a la industria hotelera / (Record no. 2004)

MARC details
000 -LEADER
campo de control de longitud fija 01332nam a22002537a 4500
003 - IDENTIFICADOR DE NÚMERO DE CONTROL
campo de control OSt
005 - FECHA Y HORA DE LA ÚLTIMA TRANSACCIÓN
campo de control 20250617201058.0
008 - DATOS DE LONGITUD FIJA--INFORMACIÓN GENERAL
campo de control de longitud fija 250617b |||||||| |||| 00| 0 eng d
020 ## - NÚMERO INTERNACIONAL ESTÁNDAR DEL LIBRO
Número Internacional Estándar del Libro 9586168271
040 ## - FUENTE DE CATALOGACIÓN
Centro catalogador/agencia de origen CO-UDECOLOMBIA
Centro/agencia transcriptor CO-UDECOLOMBIA
Centro/agencia modificador CO-UDECOLOMBIA
082 04 - NÚMERO DE LA CLASIFICACIÓN DECIMAL DEWEY
Número de clasificación 658.1511
Número de ítem S315
100 1# - ENTRADA PRINCIPAL--NOMBRE DE PERSONA
Nombre de persona Scheel Mayenberger, Adolfo
9 (RLIN) 2917
245 10 - MENCIÓN DEL TÍTULO
Título Evaluación operacional y financiera aplicada a la industria hotelera /
Mención de responsabilidad, etc. Adolfo Scheel Mayenberger.
250 ## - MENCION DE EDICION
Mención de edición 2a ed.
260 3# - PUBLICACIÓN, DISTRIBUCIÓN, ETC.
Lugar de publicación, distribución, etc. Bogotá (Colombia) :
Nombre del editor, distribuidor, etc. Universidad Externado de Colombia,
Fecha de publicación, distribución, etc. 2004.
300 ## - DESCRIPCIÓN FÍSICA
Extensión 714 p. ;
Otras características físicas gráficos,
Dimensiones 25 cm.
504 ## - NOTA DE BIBLIOGRAFÍA, ETC.
Nota de bibliografía, etc. Nota Incluye índice de contenido, índice temático y bibliografía.
505 0# - NOTA DE CONTENIDO CON FORMATO
Nota de contenido con formato Sistema de información para el control operacional y gestión humana -- Criterios de estructura del estado de resultados para hoteles -- Análisis operacional - rendimientos operacionales -- Análisis operacional - evaluación de la utilidad -- Análisis financiero -- Tendencias y pronósticos -- Planificación de la utilidad -- Presupuesto de efectivo -- Control presupuestal -- Determinación de precios y otras aplicaciones
650 24 - PUNTO DE ACCESO ADICIONAL DE MATERIA--TÉRMINO DE MATERIA
Término de materia o nombre geográfico como elemento de entrada Contabilidad administrativa
9 (RLIN) 2918
650 24 - PUNTO DE ACCESO ADICIONAL DE MATERIA--TÉRMINO DE MATERIA
Término de materia o nombre geográfico como elemento de entrada Industria hotelera
9 (RLIN) 2920
Subdivisión geográfica Colombia
650 14 - PUNTO DE ACCESO ADICIONAL DE MATERIA--TÉRMINO DE MATERIA
Término de materia o nombre geográfico como elemento de entrada Administración hotelera
9 (RLIN) 2919
651 ## - PUNTO DE ACCESO ADICIONAL DE MATERIA--NOMBRE GEOGRÁFICO
Subdivisión geográfica Colombia
942 ## - ELEMENTOS DE ENTRADA SECUNDARIOS (KOHA)
Fuente del sistema de clasificación o colocación Clasificación Decimal Dewey
Tipo de ítem Koha Libros
Parte de la signatura que corresponde a la clasificación (Parte de la clasificación) 658.1511 S315
Suprimir en OPAC No
Holdings
Estatus retirado Estado de pérdida Fuente del sistema de clasificación o colocación Estado de daño No para préstamo Colección Biblioteca de origen Biblioteca actual Fecha de adquisición Fuente de adquisición Total de préstamos Signatura topográfica completa Código de barras Visto por última vez Copia número Precio de reemplazo Tipo de ítem Koha
    Clasificación Decimal Dewey     Colección general U DE COLOMBIA - Biblioteca U DE COLOMBIA - Biblioteca 17/06/2025 Donación 2025   658.1511 S315 001250 17/06/2025 1 17/06/2025 Libros


Biblioteca Académica Corporación Universitaria U DE COLOMBIA | Teléfono: +(57) (4) 2398080 ext. 1112 | E-mail: biblioteca@udecolombia.edu.co | Dirección: Calle 56 Nº 41 – 147 (Bolivia con Girardot)
Horario de atención: lunes a viernes 8:00 a.m. a 8:00 p.m. - sábados 8:00 a.m. a 4:00 p.m.
Implementado por Grupo EGS.

Powered by Koha